LIBRARY & INFORMATION CENTRE, KCAET, TAVANUR

ONLINE PUBLIC ACCESS CATALOGUE (OPAC)

Wind turbine engineering design / (Record no. 9180)

MARC details
000 -LEADER
fixed length control field 00485cam a2200181ua 4500
041 ## - LANGUAGE CODE
Language code of text/sound track or separate title eng
082 ## - DEWEY DECIMAL CLASSIFICATION NUMBER
Classification number 621.45
Item number EGG/WI
100 ## - MAIN ENTRY--AUTHOR NAME
Personal name Eggleston, David M .
245 ## - TITLE STATEMENT
Title Wind turbine engineering design /
260 ## - PUBLICATION, DISTRIBUTION, ETC. (IMPRINT)
Place of publication New York :
Name of publisher Van Nostrand Reinhold Company ,
Year of publication 1987.
300 ## - PHYSICAL DESCRIPTION
Number of Pages 352 ; .
700 1# - ADDED ENTRY--PERSONAL NAME
Personal name Stoddard, Forrests .
942 ## - ADDED ENTRY ELEMENTS (KOHA)
Koha item type Books
Holdings
Withdrawn status Lost status Damaged status Home library Current library Date acquired Full call number Accession Number Koha item type
      KAUAET KAUAET 29/03/1986 621.45 16504 Books
free website counter